Geography Quiz

Random Geography or World Quiz

'S' Countries by Length Quiz Stats

 Plays Quiz Updated Jul 2, 2018

Challenge
Share
Tweet
Embed
Score 0/10 Timer 01:30
3 Plays Today
Length Country/Countries % Correct
5Syria, Spain, Samoa, Sudan
95.1%
11Switzerland, South Africa, Saudi Arabia, Sierra Leone
90%
10South Sudan, South Korea, Saint Lucia, Seychelles
84.9%
6Sweden, Serbia
79%
8Slovakia, Slovenia, Sri Lanka, Suriname
78.3%
9San Marino, Singapore
70%
18Saint Kitts and Nevis, São Tomé and Príncipe
67.1%
7Senegal, Somalia
62.3%
28Saint Vincent and the Grenadines
52.5%
14Solomon Islands
30.2%

You're not logged in!

Compare scores with friends on all Sporcle quizzes.
Join for Free
OR
Log In

You Might Also Like...

Show Comments

Extras

Top Quizzes Today


Score Distribution

Your Account Isn't Verified!

In order to create a playlist on Sporcle, you need to verify the email address you used during registration. Go to your Sporcle Settings to finish the process.

Report this User

Report this user for behavior that violates our Community Guidelines.

Details: